000 00962nam a22002777a 4500
003 OSt
005 20210505113034.0
007 ta
008 210325b 2017 dr p 00| 0 eng d
020 _a9789945581911
040 _aDO-SdBNP
_bspa
_cBNPHU
082 7 4 _222
_a861.5
_bC128c
100 1 _aCáez Romero, José H.,
_d1987-
_978270
245 1 0 _aCicatriz de fuego /
_cJosé H. Cáez Romero ; corrección final Ana María Fuster Lavín.
260 _aSan Juan, Puerto Rico :
_bEditorial Isla Negra,
_c2017.
300 _a79 p. ;
_c22 cm.
490 1 _aFilo de juego
500 _aIncluye datos biográficos del autor en la solapa de la cubierta.
590 _aInventariado, 2021 /LP
650 0 _917294
_aPoesía puertorriqueña
650 0 _941299
_aLiteratura puertorriqueña
700 1 _aFuster Lavín, Ana María,
_ecorrección
_975628
830 0 _aFilo de juego
_91014
910 _aLPerez. Validado. Control de calidad. MAA
942 _2ddc
_cLBS1
999 _c49683
_d49683